000 00938nam a2200277 a 4500
001 56305
003 BD-RjUL
005 20211209080359.0
008 161128s19611934enk||||| |||| 001 0 eng d
035 _a(BD-RjUL)56429
040 _aBD-RjUL
_beng
_cBD-RjUL
_dBD-RjUL
041 _aeng
082 _223
_a100
_bLEL 1961
100 _a Leibniz, Gottfried Wilhelm.
_9167539
245 _aLeibniz :
_bPhilosophical Writings /
_cGottfried Wilhelm Leibniz, Translated by Mary Morris, and Introduction by C.R. Morris.
260 _aLondon ;
_aNew York :
_b J.M. Dent & Sons,
_bE.P. Dutton & Co.,
_c1961.
300 _axxxiii, 284 p. ;
_c20 cm.
490 _a[Everyman's Library. no. 905.]
500 _aIncludes index
650 _aPhilosophy
_9167540
650 _aPhilosophy, German
_9167940
700 _a Morris, Mary.
_9167541
700 _aMorris, C.R.
_9167542
830 _a[Everyman's Library. no. 905.]
_9167543
942 _2ddc
_cBK
999 _c56305
_d56305